Cat in the bag / (Record no. 8624)

MARC details
000 -LEADER
fixed length control field 00856nam a22002897a 4500
001 - CONTROL NUMBER
control field 8624
003 - CONTROL NUMBER IDENTIFIER
control field FISKH
005 - DATE AND TIME OF LATEST TRANSACTION
control field 20251009151520.0
008 - FIXED-LENGTH DATA ELEMENTS--GENERAL INFORMATION
fixed length control field 251007b cb ||||| |||| 00| 0 eng d
020 ## - INTERNATIONAL STANDARD BOOK NUMBER
International Standard Book Number 0516238914
040 ## - CATALOGING SOURCE
Original cataloging agency FISKH
Language of cataloging eng
Transcribing agency FISKH
Modifying agency FISKH
050 ## - LIBRARY OF CONGRESS CALL NUMBER
Classification number PZ73 .M497
082 ## - DEWEY DECIMAL CLASSIFICATION NUMBER
Classification number 460
100 ## - MAIN ENTRY--PERSONAL NAME
Personal name Miller, Sara Swan
Relator term Author
245 ## - TITLE STATEMENT
Title Cat in the bag /
Statement of responsibility, etc. By Sara Swan Miller ; Benton Mahan
260 ## - PUBLICATION, DISTRIBUTION, ETC.
Place of publication, distribution, etc. New York :
Name of publisher, distributor, etc. Scholastic ,
Date of publication, distribution, etc. 2001
300 ## - PHYSICAL DESCRIPTION
Extent 31 pages :
Other physical details color illustrations ;
Dimensions 18 cm
505 ## - FORMATTED CONTENTS NOTE
Formatted contents note E<br/>
520 ## - SUMMARY, ETC.
Summary, etc. A child tries to pack for a trip, but the cat keeps jumping into the suitcase.
521 8# - TARGET AUDIENCE NOTE
Target audience note 300<br/>
Source Lexile<br/>
521 8# - TARGET AUDIENCE NOTE
Target audience note E<br/>
Source Raz-Plus <br/>
650 ## - SUBJECT ADDED ENTRY--TOPICAL TERM
Topical term or geographic name entry element Beginning readers
Form subdivision Children
650 ## - SUBJECT ADDED ENTRY--TOPICAL TERM
Topical term or geographic name entry element Trip
Form subdivision Classic books
700 ## - ADDED ENTRY--PERSONAL NAME
Personal name Mahan, Benton
Relator term Illustrator
942 ## - ADDED ENTRY ELEMENTS (KOHA)
Source of classification or shelving scheme Dewey Decimal Classification
Koha item type Books
Suppress in OPAC No
Holdings
Withdrawn status Lost status Source of classification or shelving scheme Damaged status Not for loan Home library Current library Shelving location Date acquired Total Checkouts Full call number Barcode Date last seen Copy number Price effective from Koha item type
    Dewey Decimal Classification     Footprints International School Library Network Toul Tom Poung Campus Footprints International School Library Network Toul Tom Poung Campus TTP Primary Green Bookshelves 10/07/2025   MIL 460 PZ73 .M497 FISBK072359 10/07/2025 1 10/07/2025 Books